| 000 | 01106nam a2200325 i 4500 | ||
|---|---|---|---|
| 999 |
_c7324 _d7324 |
||
| 001 | .b75142405 | ||
| 003 | OSt | ||
| 005 | 20240523184756.0 | ||
| 008 | 210316e202103 spc 000 0 cat|c | ||
| 017 |
_aDL B 3377-2021 _bBiblioteca de Catalunya |
||
| 020 | _a9788429779417 | ||
| 040 |
_aES-BaBAB _bcat _erda _cCDMR |
||
| 043 |
_ae-sp--- _be-spc-- _2catmarc |
||
| 080 |
_a551.583 _x(460.23) _22004 |
||
| 080 |
_a502.13 _x(460.23) _22004 |
||
| 080 |
_a502.175 _x(460.23) _22004 |
||
| 100 | 1 | _aVilanova, Santiago, | |
| 245 | 1 | 2 |
_aL'Emergència climàtica a Catalunya : _brevolució o col·lapse / _cSantiago Vilanova |
| 264 | 1 |
_aBarcelona : _bEdicions 62, _c2021 |
|
| 300 |
_a326 pàgines ; _c23 cm |
||
| 490 | 1 |
_aLlibres a l'abast ; _v464 |
|
| 504 | _aBibliografia: pàgines 311-326 | ||
| 650 | 7 |
_aGestió ambiental _zCatalunya _2lemac |
|
| 650 | 0 |
_aEcologisme _zCatalunya _94945 |
|
| 650 | 7 |
_aMedi ambient _xAnàlisi d'impacte _zCatalunya _2lemac |
|
| 830 | 0 |
_aLlibres a l'abast ; _v464 |
|
| 907 |
_a.b75142405 _b01-04-21 _c16-03-21 _d16-03-21 _em _fa _g- _hcat _ispc _j0 _k0 |
||
| 940 | _aBAB | ||
| 942 |
_2udc _cMON |
||